Statistics for Cities of Uae without a map in 30 seconds

Click here to take the quiz!

General Stats

  • This quiz has been taken 50 times
  • The average score is 5 of 7

Answer Stats

Answer% Correct
Dubai
100%
Abu Dhabi
94%
Sharjah
77%
Ajman
71%
Ras Al Khaimah
69%
Fujairah
57%
Umm Al Qaiwain
6%

Score Distribution

Percentile by Number Answered

Percent of People with Each Score

Your Score History

You have not taken this quiz